| 000 | 00506nam a2200181 i 4500 | ||
|---|---|---|---|
| 001 | 22714 | ||
| 003 | ES-MaACL | ||
| 007 | t| | ||
| 008 | 021204s1982 sp ||||1| spa d | ||
| 100 | 1 |
_aAlvarez Palenzuela, Vicente Angel. _920902 |
|
| 245 | 1 | 3 |
_aEl cisma de occidente / _cVicente Angel Alvarez Palenzuela. |
| 260 |
_aMadrid : _bRialp, _c[1982] |
||
| 300 |
_a322 p. ; _c20 cm. |
||
| 490 | 1 | _aHistoria | |
| 830 | 0 |
_aHistoria _9177536 |
|
| 852 |
_aES-MaACL _jL-3478 _bR.103706 |
||
| 999 |
_c22714 _d22714 |
||